বাঙ্গলা কীর্তনের ইতিহাস (Record no. 36710)
[ view plain ]
| 000 -LEADER | |
|---|---|
| fixed length control field | 00888nam a22002297a 4500 |
| 001 - CONTROL NUMBER | |
| control field | 36710 |
| 003 - CONTROL NUMBER IDENTIFIER | |
| rucl marc code | BD-RjUL |
| 005 - DATE AND TIME OF LATEST TRANSACTION | |
| control field | 20211209052526.0 |
| 008 - FIXED-LENGTH DATA ELEMENTS--GENERAL INFORMATION | |
| fixed length control field | 140820s1989 ii ||||| b||| 00| 0 ben d |
| 020 ## - INTERNATIONAL STANDARD BOOK NUMBER | |
| International Standard Book Number | 81-7074-049-5 |
| 035 ## - SYSTEM CONTROL NUMBER | |
| System control number | (BD-RjUL) 36811 |
| 040 ## - CATALOGING SOURCE | |
| Original cataloging agency | BD-RjUL |
| Language of cataloging | ben |
| Transcribing agency | BD-RjUL |
| 041 ## - LANGUAGE CODE | |
| Language code of text/sound track or separate title | ben |
| 082 ## - DEWEY DECIMAL CLASSIFICATION NUMBER | |
| Classification number | 294.55409 |
| Author mark and year | SAB 1989 |
| Edition number | 23 |
| 100 ## - MAIN ENTRY--PERSONAL NAME | |
| Personal name | সাব্যাল,হিতেশরঞ্জন |
| 9 (RLIN) | 111958 |
| 245 10 - TITLE STATEMENT | |
| Title | বাঙ্গলা কীর্তনের ইতিহাস |
| Statement of responsibility, etc. | হিতেশরঞ্জন সান্যাল |
| 260 ## - PUBLICATION, DISTRIBUTION, ETC. (IMPRINT) | |
| Place of publication, distribution, etc. | কলকাতা : |
| Name of publisher, distributor, etc. | কে পি বাগচী অ্যাণ্ড কোম্পানী, |
| Date of publication, distribution, etc. | ১৯৮৯ |
| 300 ## - PHYSICAL DESCRIPTION | |
| Pagination | ix,২৬০পৃ. : |
| Illustrations | চিত্র ; |
| Size | ২২ সেমি. |
| 650 ## - SUBJECT ADDED ENTRY--TOPICAL TERM | |
| Topical term or geographic name as entry element | কীর্তন |
| Form subdivision | ইতিহাস |
| 9 (RLIN) | 111959 |
| Topical term or geographic name as entry element | Song |
| Form subdivision | Histroy |
| 9 (RLIN) | 111960 |
| 942 ## - ADDED ENTRY ELEMENTS (KOHA) | |
| Source of classification or shelving scheme | Dewey Decimal Classification |
| Koha item type | Books |
| Lost status | Source of classification or shelving scheme | Damaged status | Not for loan | Collection code | Permanent Location | Current Location | Shelving location | Date acquired | Source of acquisition | Cost, normal purchase price | Total Checkouts | Full call number | Date last seen | Date checked out | Copy number | Koha item type |
|---|---|---|---|---|---|---|---|---|---|---|---|---|---|---|---|---|
| Dewey Decimal Classification | Non-fiction | Central Library, University of Rajshahi | Central Library, University of Rajshahi | 27/07/2005 | Varotio High Comissioner, Rajshahi | 0.00 | 9 | B 294.55409 SAB 1989 | 07/02/2018 | 11/10/2017 | C-2 | Books | ||||
| Dewey Decimal Classification | Not For Loan | Non-fiction | Central Library, University of Rajshahi | Central Library, University of Rajshahi | Reading Room | 01/02/1997 | Dhaka, Ankur Prakashani | 75.00 | B 294.55409 SAB 1989 | 19/02/2017 | C-1 | Books |